000 00471nam a2200181Ia 4500
008 230524s9999 xx 000 0 und d
020 _a8177588982
082 _a621.381
_bGON
100 _aRafael C.Gonzalez
245 0 _aDigital Image Processing Using MATLAB
250 _a1ST
260 _aNEW DELHI
_bPearson
_c2006
300 _a609
500 _aQuantity Number: 31
650 _aElectronics
700 _a" Richard E.Woods , Steven L.Eddins,,,"
942 _cBK
999 _c7781
_d7781